Star Wars ou Star Trek - Statistiques

Statistiques générales
  • Ce quiz a été pris 724 fois
  • Le résultat moyen est 25 sur 30
Statistiques - réponses
Hint Réponse % Correct
Luke Skywalker Star Wars
98%
Dark Vador Star Wars
97%
R2-D2 Star Wars
97%
Chewbacca Star Wars
96%
Padmé Amidala Star Wars
95%
Jean-Luc Picard Star Trek
94%
Général Grievous Star Wars
93%
Spock Star Trek
92%
Mace Windu Star Wars
92%
Worf Star Trek
91%
Geordi La Forge Star Trek
89%
Wesley Crusher Star Trek
88%
Poe Dameron Star Wars
87%
Capitaine Kirk Star Trek
85%
Deanna Troi Star Trek
85%
Nyota Uhura Star Trek
85%
Kruge Star Trek
84%
Khan Star Trek
84%
Hikaru Sulu Star Trek
84%
Greedo Star Wars
84%
Osyraa Star Trek
83%
Saru Star Trek
82%
Watto Star Wars
74%
Jaylah Star Trek
72%
Tasha Yar Star Trek
72%
Kit Fisto Star Wars
72%
Capitaine Phasma Star Wars
71%
Maz Kanata Star Wars
66%
Unkar Plutt Star Wars
53%
Zorii Bliss Star Wars
40%
Aucun quiz correspondant
Distribution des résultats
% des personnes avec chaque résultat
Percentile par nombre de réponses
Votre historique - résultats
Vous n’avez pas pris ce quiz